| 000 | 00931nam0a2200313 i 4500 | ||
|---|---|---|---|
| 001 | RU\NLR\BIBL_A\010189989 | ||
| 005 | 20240725005624.0 | ||
| 010 |
_a978560000145 _925 |
||
| 021 |
_aRU _b2013-101088 _97020 |
||
| 035 | _a(NILC)RuMoRGB-006711408 | ||
| 035 | _a(NLR Aleph) 010189989 | ||
| 090 |
_a10192602 _c10192602 |
||
| 100 | _a20140212d2013 m y0rusy50 ca | ||
| 101 | 0 | _arus | |
| 102 | _aRU | ||
| 105 | _ay z 000ay | ||
| 200 | 1 |
_aХладнÑе _eÑоман _eÑÑнÑÑзи _fСвеÑлана ЦелиÑева |
|
| 210 |
_aЧÑÑовой _c[б. и.] _d2013 |
||
| 215 |
_a454 Ñ. _d21 |
||
| 675 | _a821.161.1-31 | ||
| 686 | 2 | _aШ6(2=Р)8-445 | |
| 700 | 1 |
_aЦелиÑева _bС. Ð. _gСвеÑлана ÐлекÑандÑовна |
|
| 801 | 0 |
_aRU _bRuMoRKP _c20131212 _gRCR |
|
| 801 | 2 |
_aRU _bÐ ÐÐ _c20131225 _grcr |
|
| 942 | _cBOOK | ||
| 980 | _aNBR | ||